[Event "OLNO 1718 TSG Oberschöneweide - FHSH St"]
[Site "?"]
[Date "2018.02.25"]
[Round "7.2"]
[White "Schoewel, Matthias"]
[Black "Mehl, Ronald"]
[Result "1-0"]
[WhiteElo "2232"]
[BlackElo "2110"]
[PlyCount "113"]
[EventDate "2018.??.??"]

1. e4 c5 2. Nf3 e6 3. Nc3 a6 4. a4 Nc6 5. Be2 d6 6. O-O Nf6 7. d4 cxd4 8. Nxd4
Qc7 9. Nxc6 bxc6 10. a5 Be7 11. Be3 c5 12. f3 O-O 13. Bf2 Bb7 14. Qc1 d5 15.
exd5 exd5 16. Na4 Bd6 17. g3 Rae8 18. Qd2 Qc6 19. Nb6 d4 20. Rae1 Ng4 21. Bd1
Nxf2 22. Kxf2 c4 23. Kg2 Be5 24. Qb4 c3 25. bxc3 dxc3 26. Nc4 Bf6 27. Be2 Re6
28. Qb1 Rfe8 29. Qd1 h5 30. h4 g6 31. Kh2 Qc7 32. Kg2 Qe7 33. Rf2 Bxf3+ 34.
Bxf3 Rxe1 35. Qd3 Rd8 36. Bd5 Rxd5 37. Qxd5 Re2 38. Nd6 Rxf2+ 39. Kxf2 Be5 40.
Ne4 Qc7 41. Qa8+ Kg7 42. Qxa6 Bd4+ 43. Kg2 Qe5 44. Qd3 Qd5 45. Kf1 f5 46. Nxc3
Qh1+ 47. Ke2 Qg1 48. Kd2 Bf2 49. Qd7+ Kh6 50. Qe8 Kg7 51. Nd5 Bd4 52. Nf4 Qf2+
53. Qe2 Bc3+ 54. Kxc3 Qxg3+ 55. Qd3 Qxf4 56. Qd4+ Qxd4+ 57. Kxd4 1-0

[Event "OLNO 1718 TSG Oberschöneweide - FHSH St"]
[Site "?"]
[Date "2018.02.25"]
[Round "7.3"]
[White "Hubert, Peter"]
[Black "Horn, Sven"]
[Result "0-1"]
[WhiteElo "2075"]
[BlackElo "2124"]
[PlyCount "112"]
[EventDate "2018.??.??"]

1. e4 e5 2. Nf3 Nf6 3. Nc3 Bb4 4. Bc4 O-O 5. d3 d5 6. exd5 Nxd5 7. Bd2 Nxc3 8.
bxc3 Bd6 9. h3 Nd7 10. O-O Nb6 11. Bb3 h6 12. Re1 Qf6 13. a4 Bf5 14. a5 Nd7 15.
Bd5 c6 16. Be4 Rad8 17. Rb1 Bxe4 18. Rxe4 Nc5 19. Rg4 Rd7 20. Qc1 Kh7 21. Be3
Qe7 22. Rh4 Qf6 23. Rg4 Re8 24. Rbb4 Ne6 25. Rbe4 Nc5 26. Rc4 b6 27. Rh4 e4 28.
Ng5+ Kg8 29. Nxe4 Nxe4 30. Rhxe4 Rxe4 31. Rxe4 c5 32. axb6 axb6 33. Qa3 Be5 34.
Qa4 Rd8 35. d4 Bd6 36. Rg4 Qe7 37. Qa1 f5 38. Qa2+ Kh7 39. dxc5 fxg4 40. cxd6
Qxd6 41. hxg4 Qd1+ 42. Kh2 Qxg4 43. Bd4 Qh5+ 44. Kg1 Re8 45. Qb1 b5 46. Be3 Qd5
47. Qf1 Rd8 48. Bd4 Qf5 49. Qb1 Re8 50. Be3 Re4 51. Qd1 Rc4 52. Qd2 Ra4 53. Qd3
Ra1+ 54. Kh2 Qxd3 55. cxd3 Rd1 56. d4 Rd3 0-1

[Event "OLNO 1718 TSG Oberschöneweide - FHSH St"]
[Site "?"]
[Date "2018.02.25"]
[Round "7.4"]
[White "Postler, Reinhard"]
[Black "Glawe, Hartmut"]
[Result "1-0"]
[WhiteElo "2242"]
[BlackElo "2042"]
[PlyCount "87"]
[EventDate "2018.??.??"]

1. e4 c5 2. Nf3 d6 3. d4 cxd4 4. Nxd4 Nf6 5. Nc3 a6 6. Be3 e5 7. Nb3 Be6 8. Qd2
Nbd7 9. f3 h5 10. Nd5 Bxd5 11. exd5 Qc7 12. c4 a5 13. Rc1 b6 14. Be2 g6 15. O-O
Bg7 16. Na1 h4 17. Nc2 Nh5 18. Na3 f5 19. Nb5 Qb8 20. b3 Kf7 21. a3 Nc5 22. Qc2
Ng3 23. Rfe1 a4 24. b4 Nb3 25. Rcd1 f4 26. Bf2 Nf5 27. Bd3 Kf6 28. Qe2 Ng3 29.
Qa2 Nf5 30. h3 Ne3 31. Bxe3 fxe3 32. Rxe3 Bh6 33. Re4 Bf4 34. Bc2 Qd8 35. Bxb3
axb3 36. Qxb3 Kg7 37. Nd4 Qf6 38. Ne6+ Kh6 39. Nxf4 exf4 40. Re6 Qf8 41. Rde1
Rh7 42. Qd3 Rg7 43. Qd4 Rxa3 44. Rf6 1-0

[Event "OLNO 1718 TSG Oberschöneweide - FHSH St"]
[Site "?"]
[Date "2018.02.25"]
[Round "7.5"]
[White "Kohn, Andreas"]
[Black "Syre, Christian"]
[Result "1/2-1/2"]
[WhiteElo "1953"]
[BlackElo "2194"]
[PlyCount "49"]
[EventDate "2018.??.??"]

1. e4 g6 2. d4 Bg7 3. Nc3 d6 4. f4 Nf6 5. Nf3 O-O 6. Bd3 Nc6 7. O-O Bg4 8. Be3
e5 9. fxe5 dxe5 10. d5 Nd4 11. Be2 Bxf3 12. Bxf3 c6 13. dxc6 bxc6 14. Na4 Qa5
15. c3 Ne6 16. b4 Qc7 17. Nc5 Nxc5 18. Bxc5 Rfd8 19. Qe2 Bf8 20. Be3 Ne8 21.
Rad1 a5 22. Rxd8 Rxd8 23. Qa6 axb4 24. cxb4 Qc8 25. Qa4 1/2-1/2

[Event "OLNO 1718 TSG Oberschöneweide - FHSH St"]
[Site "?"]
[Date "2018.02.25"]
[Round "7.6"]
[White "Jauk, Wilhelm"]
[Black "Paulowitz, Bernd-Rainer"]
[Result "1/2-1/2"]
[WhiteElo "2133"]
[BlackElo "1921"]
[PlyCount "75"]
[EventDate "2018.??.??"]

1. d4 d5 2. Nf3 e6 3. c3 Bd6 4. Bg5 f6 5. Bh4 Ne7 6. Bg3 b6 7. e3 Bb7 8. Bd3
Nbc6 9. Qc2 g6 10. Nbd2 Bxg3 11. hxg3 Qd6 12. O-O-O O-O-O 13. e4 Qd7 14. Rh2 f5
15. exf5 exf5 16. Re1 Ng8 17. Bb5 Qg7 18. Qa4 Rd6 19. Re8+ Nd8 20. Qxa7 Nf6 21.
Rxh8 Qxh8 22. Ne5 Ng4 23. Nxg4 fxg4 24. Qa4 Qf8 25. f3 Qe7 26. Rh1 gxf3 27.
gxf3 Re6 28. Qd1 c6 29. Bd3 Re3 30. Kc2 c5 31. dxc5 bxc5 32. b3 Nc6 33. a3 c4
34. bxc4 Qxa3 35. Qa1 Nb4+ 36. cxb4 Qxd3+ 37. Kc1 d4 38. Qa5 1/2-1/2

[Event "OLNO 1718 TSG Oberschöneweide - FHSH St"]
[Site "?"]
[Date "2018.02.25"]
[Round "7.7"]
[White "Manke, Karsten"]
[Black "Stark, Ingo"]
[Result "0-1"]
[WhiteElo "1814"]
[BlackElo "2135"]
[PlyCount "90"]
[EventDate "2018.??.??"]

1. e4 c5 2. d4 cxd4 3. c3 d5 4. exd5 Qxd5 5. Nf3 Bg4 6. Be2 Nf6 7. cxd4 e6 8.
Nc3 Bb4 9. O-O Qd6 10. Ne5 Bxe2 11. Qxe2 O-O 12. Bg5 Nbd7 13. Nxd7 Nxd7 14. Ne4
Qd5 15. Bh4 Rac8 16. Rac1 Rfe8 17. a3 Bf8 18. Bg3 Rc6 19. Nc3 Qc4 20. Qd2 Rec8
21. Ne2 Qb3 22. Rxc6 Rxc6 23. Rc1 Qd5 24. Rxc6 Qxc6 25. Nc3 Nb6 26. f3 Nc4 27.
Qc2 Qb6 28. Na4 Qxd4+ 29. Bf2 Ne3 30. Qb3 Qd1+ 31. Qxd1 Nxd1 32. Bxa7 b5 33.
Nc3 Nxc3 34. bxc3 Bxa3 35. Kf2 Kf8 36. Ke3 Bd6 37. g3 Ke7 38. Kd4 Kd7 39. Bc5
Kc6 40. Bb4 g5 41. Ba5 f5 42. Bd8 e5+ 43. Kd3 h6 44. h3 Kd5 45. g4 e4+ 0-1

[Event "OLNO 1718 SC Rotation Pankow - Greifswa"]
[Site "?"]
[Date "2018.02.25"]
[Round "7.1"]
[White "Mueller, Nick"]
[Black "Rietze, Clemens"]
[Result "1/2-1/2"]
[WhiteElo "2312"]
[BlackElo "2314"]
[PlyCount "88"]

1. e4 c5 2. Nf3 e6 3. d4 cxd4 4. Nxd4 Nc6 5. Nc3 Qc7 6. Be3 a6 7. a3 b5 8. Nxc6
Qxc6 9. Be2 Bb7 10. O-O Rc8 11. Qd3 Ne7 12. Rad1 Ng6 13. f4 b4 14. axb4 Bxb4
15. Bd4 f6 16. Qg3 O-O 17. Bf3 Qc7 18. f5 Ne5 19. Bxe5 fxe5 20. fxe6 dxe6 21.
Bg4 Rce8 22. Rxf8+ Bxf8 23. Kh1 Bc5 24. Qh3 Qf7 25. Qd3 Bd4 26. Rf1 Qe7 27. Qc4
Bc8 28. Rb1 Qc5 29. Qxc5 Bxc5 30. b4 Bd4 31. Ne2 Bb7 32. c3 Be3 33. Ng3 Kf7 34.
Rd1 Ke7 35. c4 g6 36. Rd3 Bd4 37. Ne2 Bxe4 38. Ra3 Rf8 39. Bf3 Bxf3 40. gxf3
Rb8 41. Ra4 Bf2 42. Nc3 Be1 43. Na2 Rb6 44. Kg2 a5 {(=)} 1/2-1/2

[Event "OLNO 1718 SC Rotation Pankow - Greifswa"]
[Site "?"]
[Date "2018.02.25"]
[Round "7.2"]
[White "Neumeier, Lars"]
[Black "Weber, Max"]
[Result "1/2-1/2"]
[WhiteElo "2331"]
[BlackElo "2241"]
[PlyCount "44"]

1. d4 Nf6 2. Nf3 g6 3. c4 Bg7 4. Nc3 d5 5. cxd5 Nxd5 6. e4 Nxc3 7. bxc3 c5 8.
Be3 Qa5 9. Qd2 Nc6 10. Rc1 cxd4 11. cxd4 Qxd2+ 12. Kxd2 O-O 13. d5 Rd8 14. Kc2
Na5 15. Bg5 Bd7 16. Bd3 f5 17. Kb1 fxe4 18. Bxe4 Bf5 19. Bxf5 gxf5 20. Bxe7
Rxd5 21. Rc5 Rxc5 22. Bxc5 b6 {(=)} 1/2-1/2

[Event "OLNO 1718 SC Rotation Pankow - Greifswa"]
[Site "?"]
[Date "2018.02.25"]
[Round "7.3"]
[White "Leisner, Hannes"]
[Black "Guth, Thomas"]
[Result "1-0"]
[WhiteElo "2280"]
[BlackElo "2329"]
[PlyCount "77"]

1. Nf3 e6 2. g3 b6 3. Bg2 Bb7 4. c4 c5 5. Nc3 a6 6. O-O Qc7 7. b3 Nf6 8. Bb2
Be7 9. e3 d6 10. d4 cxd4 11. exd4 Nbd7 12. Rc1 Rc8 13. d5 e5 14. Nh4 g6 15. f4
O-O 16. Nf3 Ng4 17. Qe2 Rce8 18. f5 Nh6 19. Bh3 Bc8 20. Nd2 Nf6 21. g4 g5 22.
Nde4 Nxe4 23. Nxe4 f6 24. b4 Bb7 25. Bg2 Nf7 26. Rfd1 Rc8 27. c5 bxc5 28. bxc5
Rb8 29. cxd6 Qb6+ 30. Bd4 exd4 31. dxe7 Rfe8 32. Rb1 d3+ 33. Rxb6 dxe2 34.
Nxf6+ Kh8 35. Re1 Rxe7 36. d6 Nxd6 37. Rxd6 Bxg2 38. Kxg2 Kg7 39. Nd7 1-0

[Event "OLNO 1718 SC Rotation Pankow - Greifswa"]
[Site "?"]
[Date "2018.02.25"]
[Round "7.4"]
[White "Dauth, Benjamin"]
[Black "Bartolomaeus, Christian"]
[Result "1-0"]
[WhiteElo "2328"]
[BlackElo "2220"]
[PlyCount "86"]

1. e4 d6 2. Bc4 Nf6 3. d3 g6 4. Nf3 Bg7 5. O-O Nc6 6. a4 Bg4 7. Nbd2 Qd7 8. h3
Be6 9. Re1 Bxc4 10. Nxc4 e5 11. c3 O-O 12. b4 a6 13. Bg5 b5 14. Ne3 h6 15. Bxf6
Bxf6 16. Re2 Ne7 17. Rea2 Rab8 18. axb5 axb5 19. Ra7 Qc6 20. Qd2 Kh7 21. R1a6
Rb6 22. Ra3 Rb7 23. Ra8 Rbb8 24. R8a6 Rb6 25. R6a5 Bg7 26. Qa2 Rbb8 27. Ra7
Rbe8 28. R7a6 Qd7 29. Nd5 Nc8 30. c4 c6 31. Ne3 bxc4 32. Qxc4 Ne7 33. Ra7 Qc8
34. R3a6 f5 35. Rb6 fxe4 36. dxe4 d5 37. Qc5 dxe4 38. Rbb7 exf3 39. Rxe7 Rxe7
40. Qxe7 Rg8 41. Ng4 fxg2 42. Qh4 Kh8 43. Nxh6 Qf5 1-0

[Event "OLNO 1718 SC Rotation Pankow - Greifswa"]
[Site "?"]
[Date "2018.02.25"]
[Round "75"]
[White "Stubbe, Wilko"]
[Black "Seils, Joerg"]
[Result "0-1"]
[WhiteElo "2204"]
[BlackElo "2311"]
[PlyCount "72"]

1. Nf3 Nf6 2. g3 e6 3. Bg2 d5 4. c4 Be7 5. O-O O-O 6. d4 c6 7. Nc3 Nbd7 8. b3
b6 9. Qc2 Ba6 10. Rd1 Rc8 11. e4 dxc4 12. e5 Nd5 13. bxc4 Nxc3 14. Qxc3 b5 15.
c5 Nxc5 16. h4 Na4 17. Qe1 b4 18. Qe4 Nc3 19. Qg4 Kh8 20. Rd2 c5 21. dxc5 Qa5
22. Rd7 Rc7 23. Rxc7 Qxc7 24. Qxb4 Bxc5 25. Qg4 Ne2+ 26. Kh2 Bxf2 27. Bf4 Qc4
28. Bf1 Qe4 29. Kh3 Ng1+ 30. Kg2 Bb7 31. Kxf2 Nxf3 32. Rc1 Qd4+ 33. Ke2 Qb2+
34. Kd3 Rd8+ 35. Kc4 Ba6+ 36. Kc5 Qb6# 0-1

[Event "OLNO 1718 SC Rotation Pankow - Greifswa"]
[Site "?"]
[Date "2018.02.25"]
[Round "7.6"]
[White "Mueller, Michael"]
[Black "Kuersten, Ruediger"]
[Result "1-0"]
[WhiteElo "2266"]
[BlackElo "2167"]
[PlyCount "117"]

1. d4 d5 2. c4 c6 3. Nf3 Nf6 4. e3 a6 5. b3 Bg4 6. Be2 Bxf3 7. Bxf3 e6 8. O-O
Be7 9. Nd2 Nbd7 10. Bb2 O-O 11. e4 Nxe4 12. Nxe4 dxe4 13. Bxe4 Bf6 14. Qf3 g6
15. Rad1 Qc7 16. Ba3 Rfe8 17. d5 exd5 18. cxd5 c5 19. d6 Qa5 20. Bxb7 Rad8 21.
Bc1 Qxa2 22. Bc6 Re6 23. Bf4 Qa5 24. Bd5 Ree8 25. Bc4 Kg7 26. Qd5 Rf8 27. Qb7
Bd4 28. Qxa6 Qc3 29. Qb7 Nf6 30. Rd3 Qc2 31. Qf3 Rfe8 32. Rd2 Qf5 33. Bg3 Qxf3
34. gxf3 Nh5 35. d7 Re7 36. Bb5 Nxg3 37. hxg3 Re6 38. Rfd1 Kf6 39. Kf1 h5 40.
Rd3 Rb6 41. Ba4 Ke7 42. Re1+ Re6 43. Rdd1 Rxe1+ 44. Rxe1+ Kd6 45. Re8 Bf6 46.
f4 Be7 47. Kg2 Bf6 48. f3 Be7 49. g4 hxg4 50. fxg4 g5 51. Kf3 Bf6 52. Ke4 gxf4
53. Kxf4 Kc7 54. Kf5 Bh4 55. g5 Bg3 56. Re7 Bh4 57. Rxf7 Rg8 58. g6 Kd8 59. g7
1-0

[Event "OLNO 1718 SC Rotation Pankow - Greifswa"]
[Site "?"]
[Date "2018.02.25"]
[Round "7.7"]
[White "Woll, Wilfried"]
[Black "Boetzer, Detlef"]
[Result "1/2-1/2"]
[WhiteElo "1984"]
[BlackElo "2220"]
[PlyCount "25"]

1. c4 e6 2. Nf3 Nf6 3. g3 b6 4. Bg2 Bb7 5. O-O Be7 6. Nc3 O-O 7. Qc2 c5 8. Rd1
a6 9. e3 Nc6 10. a3 Rc8 11. b3 d5 12. cxd5 Nxd5 13. Bb2 {(=)} 1/2-1/2

[Event "OLNO 1718 SC Rotation Pankow - Greifswa"]
[Site "?"]
[Date "2018.02.25"]
[Round "7.8"]
[White "Liesek, Juergen"]
[Black "Schwahn, Chrsitian"]
[Result "1-0"]
[WhiteElo "2239"]
[BlackElo "1977"]
[PlyCount "93"]

1. e4 c6 2. Nc3 d5 3. Nf3 Bg4 4. h3 Bxf3 5. Qxf3 e6 6. d3 Bb4 7. a3 Bxc3+ 8.
bxc3 Qa5 9. Bd2 dxe4 10. Qxe4 Nf6 11. Qb4 Qc7 12. Be2 Nbd7 13. O-O Nd5 14. Qh4
N7f6 15. Rfe1 O-O 16. Bf1 Rfe8 17. g3 e5 18. Bg2 Qa5 19. Qc4 Rac8 20. a4 a6 21.
Red1 h6 22. Qb3 Qc7 23. c4 Ne7 24. Rab1 Rb8 25. d4 Ng6 26. d5 cxd5 27. cxd5 b5
28. Be3 Red8 29. axb5 axb5 30. Ra1 e4 31. Ra6 Qc4 32. d6 Ne5 33. Bf1 Qc8 34.
Rb6 Nc4 35. Bxc4 bxc4 36. Rxb8 Qxb8 37. Qxb8 Rxb8 38. Rd4 c3 39. Rc4 Rd8 40.
Bc5 Nd7 41. Bb4 Nf6 42. Rd4 Rb8 43. Bxc3 Rc8 44. Ba5 Nd7 45. Rxe4 Rxc2 46. Re8+
Kh7 47. Re7 1-0

[Event "OLNO 1718 TSG Neuruppin - Greifswalder "]
[Site "?"]
[Date "2018.03.18"]
[Round "8.1"]
[White "Mueller, Nick"]
[Black "Schoene, Ralf"]
[Result "1-0"]
[WhiteElo "2310"]
[BlackElo "2260"]
[PlyCount "137"]
[EventDate "2018.??.??"]

1. e4 e5 2. Nf3 Nc6 3. Bc4 Bc5 4. c3 Nf6 5. d3 a6 6. O-O Ba7 7. Re1 d6 8. a4 h6
9. Nbd2 O-O 10. h3 Nh5 11. Nf1 Nf4 12. Bxf4 exf4 13. d4 Ne7 14. Qd2 g5 15. e5
d5 16. Bd3 Be6 17. N1h2 Kg7 18. Ng4 Rh8 19. Nf6 Ng8 20. Nh5+ Kf8 21. Nh2 c5 22.
dxc5 Bxc5 23. Ng4 Qc8 24. Qe2 Ne7 25. Rad1 a5 26. Kh2 Qc6 27. Qc2 Qb6 28. Rf1
Nc6 29. Bf5 Ne7 30. Bxe6 Qxe6 31. Ngf6 Rd8 32. Qe2 Bd6 33. Rfe1 Bc7 34. Qb5 Qc6
35. Qb3 Qb6 36. Qc2 Qe6 37. Qb3 b6 38. Qa3 Bxe5 39. Ng4 Bd6 40. Rxe6 Bxa3 41.
Rxb6 Bd6 42. Ngf6 f3+ 43. Kg1 Be5 44. gxf3 Bxf6 45. Nxf6 Kg7 46. Nh5+ Kh7 47.
Rb7 Ng8 48. Ng3 Kg6 49. Ra7 Nf6 50. Rxa5 h5 51. Ra6 Ra8 52. Rxa8 Rxa8 53. Ra1
h4 54. Ne2 Kf5 55. a5 Ke5 56. b4 Kd6 57. Nd4 Nd7 58. Ra3 Ne5 59. Kg2 Nd3 60. b5
Nc5 61. f4 gxf4 62. Kf3 Nd3 63. b6 Ne5+ 64. Kxf4 Nd7 65. Kg4 Kc5 66. Kxh4 Kc4
67. Kg5 Nc5 68. f3 Ra6 69. h4 1-0

[Event "OLNO 1718 TSG Neuruppin - Greifswalder "]
[Site "?"]
[Date "2018.03.18"]
[Round "8.2"]
[White "Heuer, Thomas"]
[Black "Weber, Max"]
[Result "0-1"]
[WhiteElo "2109"]
[BlackElo "2243"]
[PlyCount "90"]
[EventDate "2018.??.??"]

1. d4 Nf6 2. Nf3 g6 3. c4 Bg7 4. Nc3 d5 5. cxd5 Nxd5 6. e4 Nxc3 7. bxc3 c5 8.
Be3 Qa5 9. Qd2 Nc6 10. Rc1 Bg4 11. d5 Rd8 12. Be2 O-O 13. O-O e6 14. Rfd1 exd5
15. exd5 Bxf3 16. Bxf3 c4 17. Qb2 Ne5 18. Qxb7 Rd7 19. Qb4 Nxf3+ 20. gxf3 Qxa2
21. Rd2 Qb3 22. Rb2 Qxb4 23. Rxb4 Rc8 24. Bd4 Bxd4 25. cxd4 c3 26. Rb5 Rc4 27.
Rc5 Rxd4 28. R1xc3 R4xd5 29. Rc8+ Kg7 30. Ra3 Rd3 31. Rxd3 Rxd3 32. Rc7 a5 33.
Ra7 Rd5 34. Kg2 Rf5 35. Ra6 Kf8 36. Ra7 Ke8 37. Kg3 Kd8 38. f4 Kc8 39. h4 Kb8
40. Re7 a4 41. Re4 Ra5 42. Re8+ Kc7 43. Re7+ Kd6 44. Rxf7 a3 45. Rf6+ Ke7 0-1

[Event "OLNO 1718 TSG Neuruppin - Greifswalder "]
[Site "?"]
[Date "2018.03.18"]
[Round "8.3"]
[White "Leisner, Hannes"]
[Black "Simon, Ralf-Axel"]
[Result "1-0"]
[WhiteElo "2283"]
[BlackElo "2162"]
[PlyCount "41"]
[EventDate "2018.??.??"]

1. c4 c5 2. g3 Nf6 3. Bg2 d5 4. cxd5 Nxd5 5. Nc3 Nb4 6. a3 N4c6 7. Nf3 e5 8.
O-O Be6 9. d3 f6 10. e3 Qd7 11. Re1 Kf7 12. d4 exd4 13. exd4 Nxd4 14. Nxd4 cxd4
15. Rxe6 Kxe6 16. Qb3+ Ke7 17. Bxb7 dxc3 18. Bxa8 Nc6 19. bxc3 Qc7 20. Rb1 h5
21. Qa4 1-0

[Event "OLNO 1718 TSG Neuruppin - Greifswalder "]
[Site "?"]
[Date "2018.03.18"]
[Round "8.4"]
[White "Germann, Heike"]
[Black "Teschke, Olaf"]
[Result "0-1"]
[WhiteElo "2049"]
[BlackElo "2222"]
[PlyCount "114"]
[EventDate "2018.??.??"]

1. d4 Nf6 2. c4 e6 3. Nc3 d5 4. Bg5 Nbd7 5. e3 c6 6. Nf3 Qa5 7. Nd2 dxc4 8.
Bxf6 Nxf6 9. Nxc4 Qc7 10. Be2 Be7 11. O-O O-O 12. Rc1 Bd7 13. a3 Rfc8 14. b4
Be8 15. Qb3 Nd5 16. Rc2 Rd8 17. Nxd5 cxd5 18. Ne5 Qb6 19. Rfc1 a5 20. b5 a4 21.
Qb2 f6 22. Nf3 Bd7 23. Ne1 Qd6 24. Rc3 e5 25. Nd3 Bc8 26. Nc5 b6 27. Nxa4 Bd7
28. Qb3 Ra7 29. Bf3 e4 30. Bxe4 Rxa4 31. Bxd5+ Kh8 32. Qxa4 Qxd5 33. Qa7 Bd6
34. Qxb6 Ra8 35. a4 h6 36. Rc4 Rb8 37. Qa6 f5 38. Qa7 Be6 39. Rc6 Rd8 40. Qb6
Rb8 41. Qa6 Ba3 42. Rxe6 Bxc1 43. Qc6 Qb3 44. g3 f4 45. Re8+ Rxe8 46. Qxe8+ Kh7
47. Qe4+ Kh8 48. Qxf4 Qxa4 49. Qc7 Qa1 50. Kg2 Qb2 51. Qc6 Bd2 52. b6 Be1 53.
b7 Qxf2+ 54. Kh3 Qf5+ 55. Kh4 Kh7 56. Qc8 g5+ 57. Kh5 Qf3+ 0-1

[Event "OLNO 1718 TSG Neuruppin - Greifswalder "]
[Site "?"]
[Date "2018.03.18"]
[Round "8.5"]
[White "Bartolomaeus, Christian"]
[Black "Biemann, Helge"]
[Result "1-0"]
[WhiteElo "2214"]
[BlackElo "1996"]
[PlyCount "77"]
[EventDate "2018.??.??"]

1. e4 e6 2. d4 d5 3. Nc3 Bb4 4. exd5 exd5 5. Bd3 Ne7 6. a3 Bxc3+ 7. bxc3 Bf5 8.
Ne2 Nbc6 9. O-O Qd7 10. Rb1 Rb8 11. Ng3 Bg6 12. h4 O-O 13. Qf3 h6 14. h5 Bxd3
15. cxd3 Nd8 16. Re1 Re8 17. Bd2 Ne6 18. Qg4 Nf8 19. Qxd7 Nxd7 20. Bf4 b6 21.
Bxc7 Rbc8 22. Bd6 Nc6 23. Kf1 Nf6 24. Rxe8+ Nxe8 25. Bf4 Nd8 26. Bd2 Nf6 27. f3
Kf8 28. Kf2 Nc6 29. Rh1 Na5 30. Ne2 Ke7 31. g4 Kd6 32. Rb1 Kc6 33. Ng3 Rh8 34.
Nf5 Ne8 35. Re1 Nb7 36. Ne7+ Kb5 37. Nxd5 Ka4 38. c4 Ned6 39. Rb1 1-0

[Event "OLNO 1718 TSG Neuruppin - Greifswalder "]
[Site "?"]
[Date "2018.03.18"]
[Round "8.6"]
[White "Schuckar, Donald"]
[Black "Stubbe, Wilko"]
[Result "0-1"]
[WhiteElo "1976"]
[BlackElo "2207"]
[PlyCount "58"]
[EventDate "2018.??.??"]

1. d4 d5 2. Nc3 Nf6 3. g3 g6 4. Bg2 Bg7 5. Nf3 O-O 6. Ne5 c6 7. O-O Nfd7 8. f4
Qb6 9. Kh1 f6 10. Nf3 f5 11. a4 a5 12. b3 Na6 13. Ba3 Re8 14. Na2 Nf6 15. Ne5
Be6 16. Qd2 Ne4 17. Bxe4 dxe4 18. e3 c5 19. Rab1 Rad8 20. Nc4 Bxc4 21. bxc4 Qc6
22. Qxa5 cxd4 23. Rfd1 Qxc4 24. Bxe7 Rd5 25. Rb5 Rd7 26. Nb4 Rexe7 27. Nd5 Re8
28. Kg1 Qxc2 29. Rdb1 Rxd5 0-1

[Event "OLNO 1718 TSG Neuruppin - Greifswalder "]
[Site "?"]
[Date "2018.03.18"]
[Round "8.7"]
[White "Kuersten, Ruediger"]
[Black "Neumann, Pierre"]
[Result "1-0"]
[WhiteElo "2169"]
[BlackElo "1926"]
[PlyCount "31"]
[EventDate "2018.??.??"]

1. d4 Nf6 2. Nf3 e6 3. c4 d5 4. g3 c6 5. Bg2 Bd6 6. O-O Nbd7 7. Nc3 O-O 8. Re1
Re8 9. e4 dxe4 10. Ng5 e5 11. Ncxe4 Be7 12. d5 cxd5 13. Nxf7 Kxf7 14. Ng5+ Kg6
15. Bxd5 Nc5 16. Bf7+ 1-0

[Event "OLNO 1718 TSG Neuruppin - Greifswalder "]
[Site "?"]
[Date "2018.03.18"]
[Round "8.8"]
[White "Neumann, Karsten"]
[Black "Sowada, Christoph"]
[Result "0-1"]
[WhiteElo "1780"]
[BlackElo "1950"]
[PlyCount "56"]
[EventDate "2018.??.??"]

1. d4 f5 2. c4 g6 3. Nc3 d6 4. Nf3 Bg7 5. e3 c6 6. Bd3 Nh6 7. O-O O-O 8. h3 e5
9. dxe5 dxe5 10. Be2 Qe7 11. Qc2 a5 12. b3 Na6 13. a3 Nf7 14. Rb1 g5 15. Rd1 h5
16. Ne1 g4 17. hxg4 hxg4 18. g3 Ng5 19. Bf1 Nc5 20. b4 Nce6 21. c5 f4 22. exf4
exf4 23. gxf4 Nxf4 24. Bc4+ Kh8 25. Be3 Nf3+ 26. Nxf3 gxf3 27. Kf1 Bf5 28. Qd2
Bh3+ 0-1

[Event "OLNO 1718 FHSH Stralsund - SC Rotation"]
[Site "?"]
[Date "2018.03.18"]
[Round "8.1"]
[White "Rietze, Clemens"]
[Black "Mehl, Ronald"]
[Result "1-0"]
[WhiteElo "2340"]
[BlackElo "2098"]
[PlyCount "69"]
[EventDate "2018.??.??"]

1. d4 Nf6 2. c4 e6 3. Nc3 Bb4 4. e3 O-O 5. Nge2 d5 6. a3 Be7 7. Nf4 b6 8. cxd5
exd5 9. Be2 Bb7 10. O-O Re8 11. b4 Bd6 12. g3 Bxf4 13. exf4 Ne4 14. Nxe4 dxe4
15. Bc4 Bd5 16. Qb3 c6 17. Be3 Qd6 18. Rfc1 Nd7 19. Bxd5 cxd5 20. Qa4 Nf6 21.
Qc6 Qd8 22. f5 Qc8 23. Qxc8 Rexc8 24. Bg5 Ne8 25. Be7 f6 26. b5 Kf7 27. Bb4 Nc7
28. a4 Ke8 29. Rc6 Kd8 30. Rd6+ Ke8 31. Rc1 Rab8 32. Rdc6 Kd7 33. Bd6 Rb7 34.
Bf4 Kd8 35. g4 1-0

[Event "OLNO 1718 FHSH Stralsund - SC Rotation"]
[Site "?"]
[Date "2018.03.18"]
[Round "8.3"]
[White "Guth, Thomas"]
[Black "Glawe, Hartmut"]
[Result "1-0"]
[WhiteElo "2303"]
[BlackElo "2040"]
[PlyCount "129"]
[EventDate "2018.??.??"]

1. e4 c5 2. Nf3 d6 3. d4 cxd4 4. Nxd4 Nf6 5. Nc3 a6 6. Be2 e5 7. Nb3 h6 8. O-O
Be7 9. a4 Be6 10. Re1 Nbd7 11. Bf3 O-O 12. Nd2 Rc8 13. Nf1 Qc7 14. Ne3 Nb6 15.
Be2 d5 16. Ncxd5 Bxd5 17. exd5 Bc5 18. Bf3 Bxe3 19. Bxe3 Rfd8 20. Bxb6 Qxb6 21.
b3 Rc3 22. Rxe5 Qc5 23. Rc1 Rc8 24. h3 Rxb3 25. cxb3 Qxc1 26. Qxc1 Rxc1+ 27.
Kh2 Rc5 28. Re2 b5 29. d6 bxa4 30. bxa4 Kf8 31. Rb2 Rc8 32. Rb6 a5 33. Ra6 Rd8
34. Kg3 Ne8 35. Rxa5 Nxd6 36. Ra8 Rxa8 37. Bxa8 Nc4 38. Bd5 Nb6 39. Bb3 Ke7 40.
Kf4 f6 41. Kf5 Nc8 42. Kg6 Kf8 43. Be6 Ne7+ 44. Kh7 Nc6 45. Ba2 Na7 46. Bd5 Nc8
47. a5 Na7 48. h4 Nc8 49. h5 Na7 50. g4 Nc8 51. f4 Na7 52. Bb7 Kf7 53. a6 Nb5
54. Bc6 Na7 55. Bd7 Kf8 56. Kg6 Kg8 57. Ba4 Nc8 58. Kf5 Kf7 59. Ke4 Ke6 60. Kd4
Kd6 61. Kc4 Kc7 62. Kc5 Nb6 63. Bb5 Nc8 64. Bc6 f5 65. gxf5 1-0

[Event "OLNO 1718 FHSH Stralsund - SC Rotation"]
[Site "?"]
[Date "2018.03.18"]
[Round "8.4"]
[White "Kohn, Andreas"]
[Black "Dauth, Benjamin"]
[Result "0-1"]
[WhiteElo "1955"]
[BlackElo "2337"]
[PlyCount "102"]
[EventDate "2018.??.??"]

1. e4 e5 2. d4 exd4 3. c3 d5 4. exd5 Qxd5 5. cxd4 Nc6 6. Nf3 Bg4 7. Be2 Nf6 8.
Nc3 Bb4 9. O-O Bxc3 10. bxc3 O-O 11. c4 Qd6 12. d5 Bxf3 13. Bxf3 Ne5 14. Bb2
Nxc4 15. Bxf6 Qxf6 16. Qc2 Ne5 17. Be4 Qh4 18. g3 Qh5 19. Qxc7 f5 20. Qxe5 Rae8
21. Qc7 Rf7 22. Qc4 Rxe4 23. Qc8+ Rf8 24. Qxb7 f4 25. d6 f3 26. Qxe4 Qh3 27.
Qd5+ Rf7 28. Qa8+ Rf8 29. Qd5+ Kh8 30. Qxf3 Rxf3 31. Rfe1 Qd7 32. Rad1 Rf7 33.
Re3 Qd8 34. Rc3 h6 35. Rd2 Kh7 36. Rcd3 Rd7 37. Rd4 Qa8 38. a4 Qc6 39. R2d3 g5
40. Rd2 Kg6 41. R2d3 Kf6 42. Rd2 Ke5 43. R2d3 Qc5 44. f4+ gxf4 45. gxf4+ Ke6
46. Kf1 Qc6 47. Rh3 Qh1+ 48. Kf2 Rg7 49. Re3+ Kf5 50. Re5+ Kf6 51. d7 Qxh2+ 0-1

[Event "OLNO 1718 FHSH Stralsund - SC Rotation"]
[Site "?"]
[Date "2018.03.18"]
[Round "8.5"]
[White "Seils, Joerg"]
[Black "Paulowitz, Bernd-Rainer"]
[Result "1-0"]
[WhiteElo "2315"]
[BlackElo "1924"]
[PlyCount "72"]
[EventDate "2018.??.??"]

1. e4 d6 2. d4 Nf6 3. Nc3 Nbd7 4. Nf3 e5 5. Bc4 Be7 6. O-O O-O 7. h3 h6 8. Re1
Re8 9. a4 c6 10. Ba2 Bf8 11. Be3 b6 12. dxe5 dxe5 13. Qe2 Qc7 14. Nh4 Nc5 15.
Qf3 Nh7 16. Qg3 Kh8 17. f4 exf4 18. Bxf4 Qe7 19. Nf5 Bxf5 20. exf5 Qf6 21. Qg4
Qd4+ 22. Kh1 Nf6 23. Qf3 Qd7 24. Be5 Nh7 25. Rad1 Qb7 26. Qh5 f6 27. Bf4 Rxe1+
28. Rxe1 Qd7 29. Qg6 Nb7 30. Bxh6 Nd6 31. Be6 Qe8 32. Bf4 Qxg6 33. fxg6 Ng5 34.
Bd7 c5 35. h4 Rd8 36. Bc6 Nc4 1-0

[Event "OLNO 1718 FHSH Stralsund - SC Rotation"]
[Site "?"]
[Date "2018.03.18"]
[Round "8.6"]
[White "Manke, Karsten"]
[Black "Bruchmann, Stephan"]
[Result "0-1"]
[WhiteElo "1807"]
[BlackElo "2230"]
[PlyCount "46"]
[EventDate "2018.??.??"]

1. e4 c6 2. d4 g6 3. Nf3 Bg7 4. Nc3 d5 5. h3 Nh6 6. Bxh6 Bxh6 7. Bd3 O-O 8. O-O
e6 9. Ne2 Nd7 10. Ng3 b6 11. c3 a5 12. Qe2 Bb7 13. Rad1 Re8 14. e5 c5 15. Nh2
Bg7 16. f4 Nb8 17. Qg4 Ba6 18. Bb1 Bxf1 19. Rxf1 cxd4 20. cxd4 f5 21. exf6 Qxf6
22. Nf3 Nc6 23. Ne5 Nxd4 0-1